000 00689nam a2200241Ia 4500
003 GCL
008 140319s9999 xx 000 0 ara d
040 _aGCL /
_cGCL
082 0 4 _a338.9
_bك م
100 1 _aكوترو, توما
245 1 0 _aمصير العالم الثالث : تحليل ونتائج وتوقعات /
_cكوترو, توما
700 1 _aاسون، ميشيل
700 1 _aخليل كلفت
300 _a251 ص
490 _a
650 0 4 _aالاقتصاد
650 0 4 _aالدول النامية
650 0 4 _aالزراعة
650 0 4 _aالتنمية الاقتصادية
650 0 4 _aالسكان
650 0 4 _aالصناعة
942 _2ddc
_cBK
999 _c45532
_d45532